El clima organizacional en la Universidad de Costa Rica /
La percepción de que los miembros de una organización tengan sobre la misma es fundamental, porque se relaciona estrechamente con la calidad del desempeño. En este artículo se analizan las opciones de un importante grupo de académicos que laboran en la Universidad de Costa Rica sobre diversos elemen...
Guardado en:
| 主要作者: | |
|---|---|
| 格式: | Texto |
| 語言: | Spanish |
| 主題: | |
| 標簽: |
添加標簽
沒有標簽, 成為第一個標記此記錄!
|
MARC
| LEADER | 00000 a a2200000 04500 | ||
|---|---|---|---|
| 001 | 46416 | ||
| 003 | cru CIDCACS/IIS | ||
| 005 | 20180917152706.0 | ||
| 007 | ta | ||
| 008 | 180917b ||||| |||| 00| 0 spa d | ||
| 999 | |c 21784 |d 21784 | ||
| 040 | |c cru CIDCACS/IIS | ||
| 100 | |a López Avendaño, Olimpia | ||
| 245 | |a El clima organizacional en la Universidad de Costa Rica / |c Olimpia López Avendaño | ||
| 520 | |a La percepción de que los miembros de una organización tengan sobre la misma es fundamental, porque se relaciona estrechamente con la calidad del desempeño. En este artículo se analizan las opciones de un importante grupo de académicos que laboran en la Universidad de Costa Rica sobre diversos elementos del clima organizacional. Se espera que sea un aporte para revisar y corregir la dinámica de la Institución. Los resultados son producto de un estudio exploratorio culminado en 1997. | ||
| 650 | 0 | |9 4290 |a ESTRUCTURA ORGANIZACIONAL | |
| 650 | 0 | |9 7671 |a DESEMPEÑO | |
| 650 | 0 | |9 3294 |a DESARROLLO | |
| 650 | 0 | |9 3386 |a DOCENTES | |
| 650 | 0 | |9 1831 |a ENSEÑANZA SUPERIOR | |
| 650 | 0 | |9 1830 |a INSTITUCIONES DE ENSEÑANZA SUPERIOR | |
| 650 | 0 | |9 4344 |a DINAMICA DE GRUPOS | |
| 650 | 0 | |9 4358 |a UNIVERSIDAD DE COSTA RICA | |
| 650 | 0 | |9 4732 |a UCR | |
| 773 | |g volumen23 (1999), páginas 105-119 | ||
| 942 | |2 ddc |c PP | ||
